[Event "Rohde op 10th"]
[Site "Sautron"]
[Date "2010.10.25"]
[Round "3"]
[White "Nemety, Laszlo"]
[Black "Desbois, Etienne"]
[Result "1/2-1/2"]
[WhiteElo "2095"]
[BlackElo "1649"]
[PlyCount "69"]
[EventDate "2010.10.23"]
[EventType "swiss"]
[EventRounds "9"]
[EventCountry "FRA"]
[SourceTitle "EXT 2012"]
[Source "ChessBase"]
[SourceDate "2011.11.24"]
[SourceVersion "1"]
[SourceVersionDate "2011.11.24"]
[SourceQuality "1"]

1. Nc3 d5 2. d4 Nf6 3. e3 e6 4. Nge2 c5 5. g3 Nc6 6. Bg2 Bd7 7. 0-0 Rc8 8. b3 a6 9. Na4 cxd4 10. exd4 b5 11. Nc5 Nxd4 12. Nxd7 Nxe2+ 13. Qxe2 Qxd7 14. Bb2 Be7 15. Rac1 0-0 16. c4 bxc4 17. bxc4 dxc4 18. Rxc4 Qb5 19. Rfc1 Nd5 20. Bxd5 Rb8 21. Bxg7 Kxg7 22. Qe5+ Kh6 23. Qe3+ Bg5 24. Rh4+ Kg6 25. Be4+ f5 26. Rg4 fxe4 27. Rc5 Qb1+ 28. Kg2 h6 29. h4 Rf5 30. hxg5 Rxf2+ 31. Qxf2 Rb2 32. gxh6+ Kxh6 33. Rh4+ Kg6 34. Rg4+ Kh6 35. Rh4+ 1/2-1/2

[Event "Rohde op 10th"]
[Site "Sautron"]
[Date "2010.10.24"]
[Round "2"]
[White "Hallope, Arnaud"]
[Black "Nemety, Laszlo"]
[Result "1/2-1/2"]
[WhiteElo "1914"]
[BlackElo "2095"]
[PlyCount "157"]
[EventDate "2010.10.23"]
[EventType "swiss"]
[EventRounds "9"]
[EventCountry "FRA"]
[SourceTitle "EXT 2012"]
[Source "ChessBase"]
[SourceDate "2011.11.24"]
[SourceVersion "1"]
[SourceVersionDate "2011.11.24"]
[SourceQuality "1"]

1. e4 Nc6 2. Nf3 d6 3. d4 Nf6 4. Nc3 e6 5. Be3 Be7 6. h3 0-0 7. g4 d5 8. e5 Ne4 9. a3 f6 10. exf6 Bxf6 11. Bd3 Nxc3 12. bxc3 e5 13. g5 e4 14. gxf6 Qxf6 15. Bxe4 dxe4 16. Nd2 Qg6 17. Qe2 a6 18. 0-0-0 Na5 19. Rdg1 Qd6 20. Nxe4 Qxa3+ 21. Kd2 Bf5 22. Bh6 Bg6 23. h4 Rae8 24. f3 b5 25. Ra1 Nb3+ 26. cxb3 Qb2+ 27. Kd3 Rxf3+ 28. Qxf3 Rxe4 29. Qxe4 Qg2 30. Rhe1 Qf3+ 31. Kd2 Bxe4 32. Be3 Bf5 33. Rxa6 Qe4 34. Ke2 Qd3+ 35. Kf2 Qc2+ 36. Re2 Qxc3 37. Ra7 h6 38. Rb7 Bg4 39. Rxb5 Qc6 40. Rb8+ Kh7 41. Rf8 Bxe2 42. Kxe2 Qb5+ 43. Kf2 Qxb3 44. Rd8 Qe6 45. Rf8 Qa2+ 46. Kf3 Qh2 47. Rf4 Qh3+ 48. Ke2 g5 49. hxg5 hxg5 50. Re4 Kg6 51. Re5 g4 52. Rc5 Qf3+ 53. Kd2 c6 54. Rg5+ Kf6 55. Rg8 Ke6 56. Kd3 g3 57. Rg6+ Kd7 58. Rg7+ Kd6 59. Rg6+ Kc7 60. Rg7+ Kd6 61. Rg5 g2 62. Kd2 Kc7 63. Kd3 Kd6 64. Rg6+ Ke7 65. Rg7+ Kf6 66. Rg8 Qd1+ 67. Ke4 Qe2 68. Rg3 Kf7 69. Rg5 Ke7 70. Rg7+ Kf6 71. Rg3 Qc4 72. Kf3 Qd5+ 73. Kf2 Qa2+ 74. Kf3 Kf5 75. Rg5+ Ke6 76. Rxg2 Qd5+ 77. Kf2 Qf5+ 78. Ke2 Qh3 79. Rg5 1/2-1/2

[Event "FRA-ch Veterans"]
[Site "Belfort"]
[Date "2010.??.??"]
[Round "3"]
[White "Siberchicot, Robert"]
[Black "Nemety, Laszlo"]
[Result "0-1"]
[WhiteElo "1820"]
[BlackElo "2091"]
[PlyCount "58"]
[EventDate "2010.08.10"]
[EventType "swiss"]
[EventRounds "11"]
[EventCountry "FRA"]
[SourceTitle "CBM 138 Extra"]
[Source "ChessBase"]
[SourceDate "2010.10.29"]
[SourceVersion "1"]
[SourceVersionDate "2010.10.29"]
[SourceQuality "1"]

1. e4 Nc6 2. Nf3 d6 3. g3 Nf6 4. Nc3 Bg4 5. Bg2 e5 6. d3 Qc8 7. h3 Bd7 8. Bg5 Be7 9. Bxf6 Bxf6 10. Qd2 Ne7 11. 0-0-0 c5 12. g4 h6 13. Kb1 b5 14. Nd5 Nxd5 15. exd5 Qb7 16. c4 Rb8 17. Rhe1 0-0 18. b3 a5 19. g5 hxg5 20. Nxg5 a4 21. Ne4 Be7 22. Qc2 f5 23. Nd2 Bf6 24. cxb5 Bxb5 25. Nc4 Qa6 26. Bf1 Rf7 27. f4 Rfb7 28. fxe5 axb3 29. axb3 Bxc4 0-1

[Event "Rohde op 09th"]
[Site "Sautron"]
[Date "2009.10.27"]
[Round "5"]
[White "Nemety, Laszlo"]
[Black "Doluhanova, Evgeniya"]
[Result "1-0"]
[WhiteElo "2128"]
[BlackElo "2341"]
[PlyCount "119"]
[EventDate "2009.10.24"]
[EventType "swiss"]
[EventRounds "9"]
[EventCountry "FRA"]
[SourceTitle "EXT 2010"]
[Source "ChessBase"]
[SourceDate "2010.11.25"]
[SourceVersion "1"]
[SourceVersionDate "2010.11.25"]
[SourceQuality "1"]

1. Nc3 d5 2. d4 g6 3. e3 Bg7 4. Nge2 Nf6 5. g3 Bf5 6. Bg2 c6 7. f3 h5 8. e4 dxe4 9. fxe4 Be6 10. Qd3 Na6 11. a3 Qa5 12. Rb1 Rd8 13. b4 Qc7 14. Nf4 Ng4 15. Nxe6 fxe6 16. Ne2 0-0 17. e5 Nxe5 18. Qe4 Qd7 19. Bf4 Rf5 20. dxe5 g5 21. 0-0 gxf4 22. gxf4 Nc7 23. Ng3 Rff8 24. Qg6 Qd4+ 25. Kh1 Rxf4 26. Rxf4 Qxf4 27. Qxg7+ Kxg7 28. Nxh5+ Kh6 29. Nxf4 Rd2 30. Rg1 Kg5 31. Nd3 Kf5 32. Re1 Nd5 33. Be4+ Kg4 34. c4 Nc3 35. Bh7 Nd1 36. Re4+ Kg5 37. Nc5 Nf2+ 38. Kg1 Kh6 39. Rh4+ Kg5 40. Ne4+ Nxe4 41. Rxe4 Ra2 42. h4+ Kh5 43. Bg8 Rxa3 44. Bxe6 Ra4 45. c5 a5 46. Bf7+ Kh6 47. Kf2 axb4 48. Bb3 Ra5 49. Rc4 Kg6 50. Ke2 Kf5 51. e6 Kxe6 52. Rxb4+ Kf5 53. Rc4 e5 54. Bc2+ Ke6 55. h5 Kd5 56. Rh4 Ra2 57. Kd2 Kxc5 58. h6 Ra8 59. h7 Rh8 60. Rg4 1-0

[Event "Syre Memorial op 24th"]
[Site "Issy les Moulineaux"]
[Date "2001.05.26"]
[Round "4"]
[White "Nemety, Laszlo"]
[Black "Marcelin, Cyril"]
[Result "0-1"]
[WhiteElo "2120"]
[BlackElo "2414"]
[PlyCount "52"]
[EventDate "2001.05.25"]
[EventType "swiss"]
[EventRounds "6"]
[EventCountry "FRA"]
[SourceTitle "EXT 2003"]
[Source "ChessBase"]
[SourceDate "2002.11.25"]
[SourceVersion "1"]
[SourceVersionDate "2002.11.25"]
[SourceQuality "1"]

1. f4 g6 2. c4 Bg7 3. e4 e5 4. Nf3 exf4 5. d4 g5 6. g3 d6 7. gxf4 g4 8. Ng1 Qh4+ 9. Ke2 g3 10. Nf3 Bg4 11. Kd3 Qh5 12. Bg2 gxh2 13. Be3 Nc6 14. Nc3 f5 15. Qb3 Bxf3 16. Bxf3 Qxf3 17. Qxb7 Nge7 18. Qxa8+ Kd7 19. Qb7 Rb8 20. Qxb8 Nxb8 21. e5 dxe5 22. dxe5 Ng6 23. Rxh2 Nxf4+ 24. Kd2 Bxe5 25. Rxh7+ Kc8 26. Rg1 Bxc3+ 0-1

[Event "FRA-chT"]
[Site "France"]
[Date "1996.??.??"]
[Round "?"]
[White "Marcelin, Cyril"]
[Black "Nemety, Laszlo"]
[Result "1-0"]
[WhiteElo "2260"]
[BlackElo "2170"]
[PlyCount "79"]
[EventDate "1996.??.??"]
[EventType "team"]
[EventRounds "11"]
[EventCountry "FRA"]
[SourceTitle "CBM 055 Extra"]
[Source "ChessBase"]
[SourceDate "1997.01.01"]
[SourceVersion "1"]
[SourceVersionDate "1997.01.01"]
[SourceQuality "1"]

1. e4 e6 2. d4 Ne7 3. Bd3 b6 4. c4 c5 5. d5 e5 6. Nc3 Ng6 7. Nge2 Be7 8. Be3 0-0 9. Qd2 Na6 10. 0-0 d6 11. Ng3 Nb4 12. Bb1 Nh4 13. Nf5 Bf6 14. a3 Na6 15. f3 Nc7 16. Bd3 Rb8 17. b4 Ne8 18. Rab1 Bxf5 19. exf5 g6 20. Ne4 Nxf5 21. Nxf6+ Nxf6 22. Bxf5 gxf5 23. Bh6 f4 24. Bxf8 Qxf8 25. bxc5 dxc5 26. a4 Ne8 27. a5 Nd6 28. Qe2 f6 29. axb6 axb6 30. Rb2 Qf7 31. Rfb1 b5 32. cxb5 Qxd5 33. Rd1 Qe6 34. Rbd2 Rb6 35. Qd3 c4 36. Qxd6 Rxd6 37. Rxd6 Qf5 38. b6 e4 39. b7 Qc5+ 40. Kf1 1-0

[Event "FRA-chT"]
[Site "France"]
[Date "1994.??.??"]
[Round "?"]
[White "Haik, Aldo"]
[Black "Nemety, Laszlo"]
[Result "1-0"]
[WhiteElo "2410"]
[BlackElo "2235"]
[PlyCount "93"]
[EventDate "1994.??.??"]
[EventType "team"]
[EventRounds "11"]
[EventCountry "FRA"]
[SourceTitle "TD"]
[Source "ChessBase"]
[SourceDate "1994.03.01"]
[SourceVersion "1"]
[SourceVersionDate "1994.03.01"]
[SourceQuality "1"]

1. d4 d5 2. c4 e6 3. Nc3 Ne7 4. Nf3 Nbc6 5. e3 g6 6. Be2 Bg7 7. 0-0 0-0 8. a3 Na5 9. c5 Nac6 10. Qc2 e5 11. dxe5 Nxe5 12. Rd1 c6 13. e4 Qc7 14. Bg5 dxe4 15. Qxe4 Bf5 16. Qh4 Nd5 17. Nxd5 Nxf3+ 18. Bxf3 cxd5 19. Bf6 Be4 20. Bxg7 Kxg7 21. Bxe4 dxe4 22. Qxe4 Qxc5 23. b4 Qb6 24. Rd7 Qf6 25. Rad1 b6 26. g3 a5 27. R7d6 Qb2 28. Qd4+ Qxd4 29. R1xd4 axb4 30. axb4 b5 31. Rd7 Rac8 32. R4d5 Rb8 33. Rc5 Rfe8 34. Rcc7 Rf8 35. Kg2 Kf6 36. h4 h5 37. Kf3 Rbc8 38. Rxf7+ Rxf7 39. Rxc8 Ke5+ 40. Ke3 Re7 41. Rc5+ Kf6+ 42. Kf4 Rb7 43. Rc6+ Kf7 44. Kg5 Rd7 45. Rf6+ Ke7 46. Kxg6 Rd4 47. Rf4 1-0

[Event "FRA-chT2"]
[Site "France"]
[Date "1993.??.??"]
[Round "?"]
[White "Grimberg, Gilbert"]
[Black "Nemety, Laszlo"]
[Result "1-0"]
[WhiteElo "2315"]
[BlackElo "2235"]
[PlyCount "71"]
[EventDate "1993.??.??"]
[EventType "team"]
[EventRounds "9"]
[EventCountry "FRA"]
[SourceTitle "TD"]
[Source "ChessBase"]
[SourceDate "1994.03.01"]
[SourceVersion "1"]
[SourceVersionDate "1994.03.01"]
[SourceQuality "1"]

1. e4 d5 2. exd5 Qxd5 3. Nf3 g6 4. d4 Bg7 5. c3 Nf6 6. Nbd2 c5 7. Bc4 Qd6 8. 0-0 Nc6 9. Ng5 0-0 10. Nde4 Nxe4 11. Nxe4 Qc7 12. dxc5 Na5 13. Be2 Bf5 14. Ng3 Qxc5 15. Be3 Qc8 16. Qa4 Nc6 17. Nxf5 Qxf5 18. Bf3 Qd7 19. Rad1 Qc7 20. Qc4 Rac8 21. Bxc6 bxc6 22. Rd3 Be5 23. g3 Bd6 24. Rfd1 Qb7 25. Bh6 Qxb2 26. Qd4 f6 27. Bxf8 Kxf8 28. Qxa7 Qb5 29. Qd7 Ra8 30. Qe6 Kg7 31. h4 Qb2 32. R1d2 Qc1+ 33. Kg2 Rb8 34. Rxd6 exd6 35. Rxd6 Qxc3 36. Qe7+ 1-0

[Event "Paris-ch op"]
[Site "Paris"]
[Date "1993.??.??"]
[Round "5"]
[White "Mitkov, Marjan"]
[Black "Nemety, Laszlo"]
[Result "1-0"]
[WhiteElo "2325"]
[BlackElo "2235"]
[PlyCount "81"]
[EventDate "1993.04.??"]
[EventType "swiss"]
[EventRounds "9"]
[EventCountry "FRA"]
[SourceTitle "TD"]
[Source "ChessBase"]
[SourceDate "1994.03.01"]
[SourceVersion "1"]
[SourceVersionDate "1994.03.01"]
[SourceQuality "1"]

1. d4 d5 2. c4 e6 3. Nc3 Ne7 4. Nf3 Nbc6 5. Bg5 h6 6. Bh4 g5 7. Bg3 Nf5 8. e3 h5 9. Bd3 h4 10. Be5 f6 11. cxd5 exd5 12. Qb1 fxe5 13. Bxf5 e4 14. Bg6+ Ke7 15. Bxe4 dxe4 16. Qxe4+ Kf6 17. d5 Bf5 18. Qc4 g4 19. dxc6 gxf3 20. gxf3 Qd3 21. cxb7 Rb8 22. Nd5+ Qxd5 23. Qxd5 Bb4+ 24. Ke2 Rhd8 25. Rhd1 Rxd5 26. Rxd5 Rxb7 27. b3 c6 28. Rd8 Ke7 29. Rg8 Kf7 30. Rag1 Bc3 31. Rd8 Bf6 32. Rd6 Be7 33. Rd2 Rb6 34. e4 Bc8 35. f4 c5 36. Ke3 Rb4 37. Rc1 Ba6 38. Rd7 Bb5 39. Rxa7 c4 40. bxc4 Bxc4 41. a3 1-0

[Event "Paris-ch op"]
[Site "Paris"]
[Date "1993.??.??"]
[Round "7"]
[White "Miulescu, Gabriel"]
[Black "Nemety, Laszlo"]
[Result "1-0"]
[WhiteElo "2355"]
[BlackElo "2235"]
[PlyCount "69"]
[EventDate "1993.04.??"]
[EventType "swiss"]
[EventRounds "9"]
[EventCountry "FRA"]
[SourceTitle "EXT 1998"]
[Source "ChessBase"]
[SourceDate "1997.11.17"]
[SourceVersion "1"]
[SourceVersionDate "1997.11.17"]
[SourceQuality "1"]

1. e4 d5 2. exd5 Qxd5 3. Nc3 Qa5 4. d4 g6 5. Nf3 Bg7 6. Bc4 c5 7. 0-0 Nf6 8. Qe2 cxd4 9. Nb5 0-0 10. Qxe7 Nc6 11. Qc7 a6 12. Bd2 Qxc7 13. Nxc7 Ra7 14. Nd5 Ne4 15. Bf4 b5 16. Bd3 f5 17. a4 b4 18. Rfe1 Be6 19. Nc7 Bf7 20. Nxa6 b3 21. cxb3 Bxb3 22. Rec1 Ne7 23. Ra3 Bf7 24. b4 Nd5 25. Be5 Bh6 26. Re1 Rxa6 27. Bxa6 Nxb4 28. Bd3 Nc5 29. Bb1 d3 30. Bd6 Nc2 31. Bxc2 dxc2 32. Bxc5 Rb8 33. Be3 Bf8 34. Raa1 Bb4 35. Nd2 1-0

[Event "Syre Memorial op 16th"]
[Site "Issy les Moulineaux"]
[Date "1993.??.??"]
[Round "5"]
[White "Nemety, Laszlo"]
[Black "Imbert, Gerard"]
[Result "1-0"]
[WhiteElo "2235"]
[BlackElo "1670"]
[PlyCount "51"]
[EventDate "1993.05.??"]
[EventType "swiss"]
[EventRounds "6"]
[EventCountry "FRA"]
[SourceTitle "EXT 2004"]
[Source "ChessBase"]
[SourceDate "2003.11.25"]
[SourceVersion "1"]
[SourceVersionDate "2003.11.25"]
[SourceQuality "1"]

1. d4 Nf6 2. e3 e6 3. Ne2 c5 4. g3 Nc6 5. Bg2 Be7 6. c4 d6 7. 0-0 0-0 8. Nbc3 a6 9. b3 Qc7 10. Nf4 Rb8 11. d5 Ne5 12. Bh3 g5 13. Nh5 Kh8 14. f4 gxf4 15. exf4 Ng6 16. Bb2 Kg8 17. Nb5 Qd8 18. Nxf6+ Bxf6 19. Bxf6 Qxf6 20. Nxd6 Bd7 21. Ne4 Qd8 22. Qh5 f6 23. dxe6 Bc6 24. Rad1 Qa5 25. Bf5 Bxe4 26. Rd7 1-0

[Event "Paris-ch op"]
[Site "Paris"]
[Date "1993.??.??"]
[Round "2"]
[White "Nemety, Laszlo"]
[Black "Manouck, Thierry"]
[Result "1-0"]
[WhiteElo "2235"]
[BlackElo "2300"]
[PlyCount "63"]
[EventDate "1993.04.??"]
[EventType "swiss"]
[EventRounds "9"]
[EventCountry "FRA"]
[SourceTitle "TD"]
[Source "ChessBase"]
[SourceDate "1994.03.01"]
[SourceVersion "1"]
[SourceVersionDate "1994.03.01"]
[SourceQuality "1"]

1. d4 d6 2. e3 Nd7 3. Ne2 g6 4. c4 Bg7 5. Nbc3 e5 6. g3 f5 7. Bg2 Ngf6 8. e4 0-0 9. exf5 gxf5 10. dxe5 dxe5 11. Bg5 c6 12. Qd6 Qe8 13. 0-0 Qh5 14. Bxf6 Nxf6 15. h3 f4 16. gxf4 Bxh3 17. Qxe5 Bxg2 18. Qxh5 Nxh5 19. Kxg2 Nxf4+ 20. Nxf4 Rxf4 21. Rad1 Raf8 22. Rd7 R8f7 23. Rd8+ Bf8 24. f3 Rxc4 25. Ne4 Rc2+ 26. Kh3 h6 27. Nd6 Rg7 28. Re1 Rg6 29. Re7 Rd2 30. Rf7 Rg7 31. Rxg7+ Kxg7 32. Nf5+ 1-0

[Event "Paris-ch op"]
[Site "Paris"]
[Date "1990.??.??"]
[Round "?"]
[White "Badii, Madjid"]
[Black "Nemety, Laszlo"]
[Result "0-1"]
[WhiteElo "2275"]
[BlackElo "2225"]
[PlyCount "80"]
[EventDate "1990.05.??"]
[EventType "swiss"]
[EventRounds "9"]
[EventCountry "FRA"]
[SourceTitle "EXT 1997"]
[Source "ChessBase"]
[SourceDate "1996.11.15"]
[SourceVersion "1"]
[SourceVersionDate "1996.11.15"]
[SourceQuality "1"]

1. e4 d5 2. exd5 Nf6 3. d4 Nxd5 4. c4 Nb6 5. Be2 g6 6. Nc3 Bg7 7. Be3 0-0 8. Nf3 Nc6 9. 0-0 Bg4 10. c5 Nd5 11. Bg5 h6 12. Bc1 e6 13. Ne5 Bxe2 14. Nxc6 Bxd1 15. Nxd8 Rfxd8 16. Rxd1 Nb4 17. Bf4 c6 18. Rac1 Bxd4 19. Bd6 Bg7 20. Ne4 Nxa2 21. Rc4 a5 22. Rb1 f5 23. Nc3 Nxc3 24. bxc3 b5 25. Rh4 Bxc3 26. Rxh6 Kg7 27. Rh3 b4 28. Rxc3 bxc3 29. Be5+ Kg8 30. Bxc3 Rab8 31. Ra1 Rb5 32. f4 Rxc5 33. Be5 Ra8 34. Rb1 Rb5 35. Rc1 c5 36. Rd1 Rb7 37. Rd6 Kf7 38. Rc6 a4 39. Rxc5 a3 40. Rc1 a2 0-1

[Event "Paris-ch op"]
[Site "Paris"]
[Date "1990.??.??"]
[Round "?"]
[White "Lamoureux, Charles"]
[Black "Nemety, Laszlo"]
[Result "1-0"]
[WhiteElo "2255"]
[BlackElo "2225"]
[PlyCount "25"]
[EventDate "1990.05.??"]
[EventType "swiss"]
[EventRounds "9"]
[EventCountry "FRA"]
[SourceTitle "EXT 1997"]
[Source "ChessBase"]
[SourceDate "1996.11.15"]
[SourceVersion "1"]
[SourceVersionDate "1996.11.15"]
[SourceQuality "1"]

1. e4 d5 2. exd5 Nf6 3. d4 Nxd5 4. Bd3 g6 5. h3 Nb4 6. Bb5+ c6 7. Ba4 Qa5 8. Nc3 Nd5 9. Nge2 e5 10. 0-0 Bg7 11. dxe5 Nb6 12. Bb3 Qxe5 13. Bf4 1-0